|
|
|
|
| LEADER |
01432nam a2200409Ia 4500 |
| 001 |
EBC699510 |
| 003 |
MiAaPQ |
| 005 |
20200520144314.0 |
| 006 |
m o d | |
| 007 |
cr cn||||||||| |
| 008 |
110228s2011 enka sb 001 0 eng d |
| 010 |
|
|
|z 2011007714
|
| 020 |
|
|
|z 0470978627
|
| 020 |
|
|
|z 1119973376
|
| 020 |
|
|
|z 9780470978627
|
| 020 |
|
|
|z 9781119973379
|
| 035 |
|
|
|a (MiAaPQ)EBC699510
|
| 035 |
|
|
|a (Au-PeEL)EBL699510
|
| 035 |
|
|
|a (CaPaEBR)ebr10510365
|
| 035 |
|
|
|a (CaONFJC)MIL340508
|
| 035 |
|
|
|a (OCoLC)767953035
|
| 040 |
|
|
|a MiAaPQ
|c MiAaPQ
|d MiAaPQ
|
| 050 |
|
4 |
|a HF5415.1265
|b .S53 2011
|
| 082 |
0 |
4 |
|a 658.8/72
|2 22
|
| 100 |
1 |
|
|a Sheldrake, Philip,
|d 1971-
|
| 245 |
1 |
4 |
|a The business of influence
|h [electronic resource] :
|b reframing marketing and PR for the digital age /
|c Philip Sheldrake.
|
| 260 |
|
|
|a Chichester, West Sussex :
|b Wiley,
|c 2011.
|
| 300 |
|
|
|a xxi, 210 p. :
|b ill.
|
| 504 |
|
|
|a Includes bibliographical references and index.
|
| 533 |
|
|
|a Electronic reproduction. Ann Arbor, MI : ProQuest, 2015. Available via World Wide Web. Access may be limited to ProQuest affiliated libraries.
|
| 650 |
|
0 |
|a Internet marketing.
|
| 650 |
|
0 |
|a Marketing.
|
| 650 |
|
0 |
|a Public relations.
|
| 650 |
|
0 |
|a Influence (Psychology)
|
| 655 |
|
4 |
|a Electronic books.
|
| 710 |
2 |
|
|a ProQuest (Firm)
|
| 856 |
4 |
0 |
|u https://ebookcentral.proquest.com/lib/matrademy/detail.action?docID=699510
|z Click to View
|